[Event "ch-GBR KO Prelim 2019"]
[Site "London ENG"]
[Date "2019.11.30"]
[Round "2.4"]
[White "Head, Louise"]
[Black "Haria, Ravi"]
[Result "0-1"]
[WhiteTitle "WFM"]
[BlackTitle "IM"]
[WhiteElo "2100"]
[BlackElo "2451"]
[WhiteFideId "424773"]
[BlackFideId "415820"]
[EventDate "2019.11.30"]

1. d4 e6 2. c4 Bb4+ 3. Nd2 b6 4. Nf3 Bb7 5. a3 Bxd2+ 6. Qxd2 f5 7. e3 Nf6 8. Be2
O-O 9. O-O a5 10. b3 Qe7 11. Bb2 d6 12. Rfd1 Nbd7 13. Ne1 Ne4 14. Qd3 Qh4 15. g3
Qh6 16. f4 Nxg3 17. hxg3 Qh1+ 18. Kf2 Nf6 19. Bf3 Bxf3 20. Nxf3 Ng4+ 0-1

[Event "ch-GBR KO Prelim 2019"]
[Site "London ENG"]
[Date "2019.11.30"]
[Round "2.5"]
[White "Pein, Jonathan"]
[Black "McPhillips, Joseph"]
[Result "0-1"]
[BlackTitle "IM"]
[WhiteElo "2151"]
[BlackElo "2434"]
[WhiteFideId "417092"]
[BlackFideId "422487"]
[EventDate "2019.11.30"]

1. e4 e6 2. b3 d5 3. Bb2 dxe4 4. Nc3 Nf6 5. g4 Nbd7 6. Bg2 Bb4 7. Qe2 O-O 8.
O-O-O Qe7 9. h4 Ba3 10. Nh3 a5 11. Ng5 a4 12. Ngxe4 Nd5 13. Nxd5 exd5 14. Nc3
Qd6 15. d4 axb3 16. cxb3 c6 17. h5 Bxb2+ 18. Kxb2 Nf6 19. g5 Qa3+ 20. Ka1 Qxb3
21. Nb1 Ne4 22. Bxe4 dxe4 23. Qb2 Qxb2+ 24. Kxb2 Bg4 25. Rde1 Bf3 26. Rh4 Ra5
27. Nd2 Rfa8 28. Nxf3 Rxa2+ 29. Kc3 R2a3+ 30. Kc4 b6 31. Rb1 R8a4+ 32. Rb4 b5+
33. Kc5 Rc3+ 34. Kb6 Rxb4 35. Rxe4 f6 0-1

[Event "ch-GBR KO Prelim 2019"]
[Site "London ENG"]
[Date "2019.11.30"]
[Round "6.2"]
[White "Fernandez, Daniel Howard"]
[Black "Taylor, Adam C"]
[Result "0-1"]
[WhiteTitle "GM"]
[BlackTitle "IM"]
[WhiteElo "2444"]
[BlackElo "2371"]
[WhiteFideId "5801605"]
[BlackFideId "424668"]
[EventDate "2019.11.30"]

1. g3 d5 2. Bg2 g6 3. c4 dxc4 4. Na3 Bg7 5. Nxc4 e5 6. d3 Ne7 7. Nf3 Nbc6 8. Bd2
O-O 9. Qc1 Be6 10. h4 h5 11. Bh6 Bxh6 12. Qxh6 Nf5 13. Qg5 Bxc4 14. dxc4 e4 15.
Qxd8 Raxd8 16. Ng5 e3 17. Be4 Ncd4 18. Rc1 Rfe8 19. Rc3 exf2+ 20. Kxf2 f6 21.
Bxf5 Rxe2+ 22. Kf1 gxf5 23. Nf3 Rxb2 24. Rd3 c5 25. Rh2 Rb1+ 26. Kg2 Kf7 27. Kh3
Nxf3 28. Rxf3 Kg6 29. Ra3 Rc1 30. Rb2 b6 31. Rxa7 Rd3 32. Ra6 f4 33. Rbxb6 Rxg3+
34. Kh2 Rc2+ 35. Kh1 Kf5 36. Rb1 Kg4 37. Rab6 Kh3 38. R6b2 Rgc3 39. Rxc2 Rxc2
40. Rb3+ Kg4 41. a4 f3 42. Rb8 Rxc4 43. Rg8+ Kh3 44. a5 f2 0-1

[Event "ch-GBR KO Prelim 2019"]
[Site "London ENG"]
[Date "2019.11.30"]
[Round "6.5"]
[White "Toma, Katarzyna"]
[Black "McPhillips, Joseph"]
[Result "0-1"]
[WhiteTitle "WGM"]
[BlackTitle "IM"]
[WhiteElo "2272"]
[BlackElo "2434"]
[WhiteFideId "1119907"]
[BlackFideId "422487"]
[EventDate "2019.11.30"]

1. e4 e6 2. d4 d5 3. Nc3 h6 4. Nf3 Nf6 5. e5 Ne4 6. Ne2 c5 7. Ng3 Nc6 8. dxc5
Qa5+ 9. c3 Bxc5 10. Nxe4 dxe4 11. Nd2 Be7 12. Nc4 Qc7 13. Nd6+ Kf8 14. Bf4 Qa5
15. Nc4 Qc7 16. Be2 b6 17. O-O Bb7 18. Qc2 Bg5 19. Bg3 h5 20. h4 Bh6 21. Rad1
Ne7 22. Nd6 Nf5 23. Nxf5 exf5 24. e6 f4 25. Rd7 Qc6 26. Rxf7+ Kg8 27. Bxf4 Bxf4
28. Rxf4 Qxe6 29. Rd1 Rh6 30. Qa4 Qe5 31. g3 Rg6 32. Qd7 Qxf4 33. Qxb7 Rf8 34.
Qd5+ Rf7 35. Qd4 Rxg3+ 36. fxg3 Qxg3+ 37. Kh1 Rf2 38. Bc4+ Kh7 39. Qxe4+ Kh6 40.
Qc6+ g6 0-1

[Event "ch-GBR KO Prelim 2019"]
[Site "London ENG"]
[Date "2019.11.30"]
[Round "7.5"]
[White "Wadsworth, Matthew J"]
[Black "Golding, Alex"]
[Result "1-0"]
[WhiteTitle "IM"]
[BlackTitle "FM"]
[WhiteElo "2401"]
[BlackElo "2306"]
[WhiteFideId "415804"]
[BlackFideId "427241"]
[EventDate "2019.11.30"]

1. c4 e5 2. g3 Nc6 3. Nc3 g6 4. Bg2 Bg7 5. d3 Nge7 6. Rb1 a5 7. a3 O-O 8. b4
axb4 9. axb4 d6 10. e3 Be6 11. b5 Na5 12. Nge2 d5 13. cxd5 Nxd5 14. O-O Re8 15.
Qc2 c6 16. bxc6 bxc6 17. Ne4 Rb8 18. Bd2 Rb5 19. Nc5 Qb6 20. Nxe6 Rxe6 21. Rxb5
Qxb5 22. Rb1 Qa6 23. Ra1 e4 24. Rxa5 Qxd3 25. Qxd3 exd3 26. Ra8+ Bf8 27. Bxd5
cxd5 28. Nf4 Rb6 29. Nxd5 Rb1+ 30. Kg2 Kg7 31. Bc3+ f6 32. Nxf6 Bb4 33. Ra7+ Kf8
34. Rb7 Bxc3 35. Rxb1 Bxf6 36. Rd1 1-0

[Event "ch-GBR KO Prelim 2019"]
[Site "London ENG"]
[Date "2019.11.30"]
[Round "8.1"]
[White "Willow, Jonah B"]
[Black "Harvey, Marcus R"]
[Result "0-1"]
[WhiteTitle "FM"]
[BlackTitle "FM"]
[WhiteElo "2345"]
[BlackElo "2405"]
[WhiteFideId "438804"]
[BlackFideId "400092"]
[EventDate "2019.11.30"]

1. e4 e6 2. d4 d5 3. Nd2 h6 4. Ngf3 Nf6 5. e5 Nfd7 6. c3 c5 7. Bd3 Nc6 8. O-O g5
9. h3 h5 10. g4 hxg4 11. hxg4 Qb6 12. Re1 cxd4 13. cxd4 Nxd4 14. Nxd4 Qxd4 15.
Nb3 Qb4 16. Bd2 Qe7 17. a3 Bg7 18. Bb4 Qd8 19. Bd6 Bf8 20. Qf3 Bxd6 21. exd6 Nb6
22. Bb5+ Bd7 23. Nd4 Rh6 24. Kg2 Qf6 25. Qe3 a6 26. Bxd7+ Kxd7 27. Nf5 Nc4 28.
Qb3 Nxd6 29. Nxh6 Qxh6 30. Rad1 Qf6 31. Qe3 Qxb2 32. Qxg5 Qxa3 33. Re3 Qc5 34.
Qf6 Rg8 35. g5 Rg6 36. Qf4 Qc4 37. Rd4 Rxg5+ 38. Qxg5 Qxd4 39. Qg8 Qf6 40. Qb8
d4 41. Rg3 Qf5 42. Rg8 Qd5+ 43. Kg1 d3 44. Qd8+ Kc6 45. Rg3 d2 46. Rc3+ Kb5 47.
Qd7+ Kb4 0-1

[Event "ch-GBR KO Prelim 2019"]
[Site "London ENG"]
[Date "2019.11.30"]
[Round "8.2"]
[White "Horton, Andrew P"]
[Black "McPhillips, Joseph"]
[Result "1-0"]
[WhiteTitle "IM"]
[BlackTitle "IM"]
[WhiteElo "2378"]
[BlackElo "2434"]
[WhiteFideId "424269"]
[BlackFideId "422487"]
[EventDate "2019.11.30"]

1. Nf3 Nf6 2. c4 g6 3. g3 Bg7 4. Bg2 O-O 5. O-O d6 6. Nc3 e5 7. d3 Nc6 8. Rb1 a5
9. a3 Re8 10. Nd2 Nd4 11. b4 axb4 12. axb4 c6 13. b5 Bd7 14. bxc6 bxc6 15. e3
Ne6 16. Bb2 h5 17. Ra1 h4 18. Rxa8 Qxa8 19. Nde4 Nxe4 20. Nxe4 d5 21. Nd2 Nc5
22. Qc2 h3 23. Bh1 Bf5 24. cxd5 Nxd3 25. e4 Nxb2 26. exf5 e4 27. fxg6 cxd5 28.
gxf7+ Kxf7 29. Qc7+ Kg8 30. Qd7 Nd3 31. Qxh3 Nxf2 32. Rxf2 e3 33. Re2 Qd8 34.
Nf1 d4 35. Qf5 Re5 36. Qd3 Qb6 37. Qc4+ Kh7 38. Qd3+ Kh8 39. Bf3 Qf6 40. Kg2 Rf5
41. Qe4 Bh6 42. Qe8+ Bf8 43. Qe4 Bh6 44. Ra2 d3 45. Nxe3 Re5 46. Ra8+ Kg7 47.
Ra7+ Kf8 48. Qb4+ Kg8 49. Qc4+ Kh8 50. Ng4 Qb6 51. Ra8+ Kg7 52. Qg8# 1-0

[Event "ch-GBR KO Prelim 2019"]
[Site "London ENG"]
[Date "2019.11.30"]
[Round "8.3"]
[White "Taylor, Adam C"]
[Black "Clarke, Brandon G I"]
[Result "1/2-1/2"]
[WhiteTitle "IM"]
[BlackTitle "IM"]
[WhiteElo "2371"]
[BlackElo "2431"]
[WhiteFideId "424668"]
[BlackFideId "400319"]
[EventDate "2019.11.30"]

1. Nf3 Nf6 2. c4 g6 3. b3 Bg7 4. Bb2 O-O 5. g3 d6 6. d4 c5 7. dxc5 Qa5+ 8. Qd2
Qxc5 9. Nc3 Qa5 10. Rd1 Nc6 11. Bg2 Ne4 12. Nxe4 Bxb2 13. Qxa5 Nxa5 14. O-O f5
15. Ned2 Bf6 16. Ne1 Rb8 17. Nd3 Rd8 18. Nf4 e6 19. e4 Kf7 20. Rfe1 Nc6 21. exf5
gxf5 22. Nf3 h6 23. Re2 b5 24. cxb5 Rxb5 25. Rc2 Bb7 26. Rdc1 Rb6 27. Re1 Re8
28. Nd2 d5 29. Nxe6 Rxe6 30. Bxd5 Ne7 31. Bxe6+ Rxe6 32. Rxe6 Kxe6 33. Rc7 Bd5
34. Rxa7 Nc6 35. Rh7 Nb4 36. a4 Bd4 37. Rxh6+ Ke7 38. Rh4 Bc5 39. Nc4 Nd3 40.
Ne3 Bxb3 41. a5 Kf6 42. a6 Ne5 43. Rf4 Be6 44. Ra4 Ba7 45. Ra5 Nf3+ 46. Kg2 Ne1+
47. Kf1 Nf3 48. Nd5+ Kg5 49. Ne7 Bc4+ 50. Kg2 Ne1+ 51. Kh1 Bd3 52. f3 Nxf3 53.
Nc6 Bb6 54. Ra4 Bb5 55. Rb4 Bxc6 56. Rxb6 Be4 57. Rb4 Bd5 58. a7 Ne1+ 59. Kg1
Nf3+ 60. Kf2 Nxh2 61. Rd4 Ng4+ 62. Ke2 Bg2 63. Rd3 Be4 64. Rd8 Nf6 65. a8=Q Bxa8
66. Rxa8 Kg4 67. Rf8 Ne4 68. Rg8+ Ng5 69. Kf2 f4 70. gxf4 Kxf4 71. Ra8 Ne4+ 72.
Ke2 Nc3+ 73. Kd3 Nd5 74. Kd4 Ne7 75. Rf8+ Kg5 76. Ke5 1/2-1/2

[Event "ch-GBR KO Prelim 2019"]
[Site "London ENG"]
[Date "2019.11.30"]
[Round "8.4"]
[White "Merry, Alan B"]
[Black "Wadsworth, Matthew J"]
[Result "1-0"]
[WhiteTitle "IM"]
[BlackTitle "IM"]
[WhiteElo "2426"]
[BlackElo "2401"]
[WhiteFideId "418811"]
[BlackFideId "415804"]
[EventDate "2019.11.30"]

1. c4 e5 2. Nc3 Bb4 3. Qc2 Nc6 4. e3 Nf6 5. Nf3 d6 6. a3 Bc5 7. b4 Bb6 8. Na4
O-O 9. Bb2 a6 10. Nxb6 cxb6 11. Be2 Bg4 12. d3 Rc8 13. O-O b5 14. Qd2 bxc4 15.
dxc4 Qe7 16. h3 Be6 17. Rfd1 Rfd8 18. Qe1 h6 19. Rac1 Bf5 20. Nd2 a5 21. Nb3
axb4 22. axb4 Ra8 23. b5 Nb8 24. Ra1 Nbd7 25. Qb4 Bc2 26. Rd2 Bxb3 27. Qxb3 Nc5
28. Qb4 Rxa1+ 29. Bxa1 Ra8 30. Qb1 b6 31. Ra2 Qb7 32. Bf3 Nfe4 33. Bb2 f5 34.
Qa1 Rxa2 35. Qxa2 Kf7 36. Qa3 Ke7 37. Bc3 Qb8 38. Bb4 Kd7 39. Qa1 Ke7 40. Bxe4
fxe4 41. Bxc5 dxc5 42. Qb1 Qa8 43. Qb2 Ke6 44. Kh2 h5 45. h4 Qd8 46. Qa2 Qxh4+
47. Kg1 Qe7 48. Qa8 Kf5 49. Qb8 Qe6 50. g3 Kg4 51. Kg2 Kf5 52. Qf8+ Kg6 53. Qd8
Kh6 54. Qc7 g6 55. Qc6 Qxc4 56. Qxb6 Qd5 57. Qf6 c4 58. Qc6 Qd3 59. b6 h4 1-0

[Event "ch-GBR KO Prelim 2019"]
[Site "London ENG"]
[Date "2019.11.30"]
[Round "8.5"]
[White "Head, Louise"]
[Black "Fernandez, Daniel Howard"]
[Result "0-1"]
[WhiteTitle "WFM"]
[BlackTitle "GM"]
[WhiteElo "2100"]
[BlackElo "2444"]
[WhiteFideId "424773"]
[BlackFideId "5801605"]
[EventDate "2019.11.30"]

1. d4 b5 2. Nf3 Bb7 3. b3 b4 4. c4 bxc3 5. Nxc3 Nf6 6. e3 e6 7. Bd3 c5 8. O-O
Be7 9. dxc5 Bxc5 10. Bb2 d6 11. b4 Bb6 12. Bb5+ Ke7 13. Nd4 a6 14. Ba4 a5 15. b5
Nbd7 16. Bc2 Rc8 17. Rc1 Ne5 18. Na4 Bd5 19. Bb3 Rxc1 20. Bxc1 Be4 21. Nxb6 Qxb6
22. f3 Bb7 23. a4 Rc8 24. Bd2 Bd5 25. Qe2 Kd7 26. Rc1 Rxc1+ 27. Bxc1 Qc5 28. Bd2
Bxb3 29. Nxb3 Qc2 30. Nxa5 Nd5 31. Kf2 Qxa4 32. f4 Ng6 33. Qd3 f5 34. Nb3 Nge7
35. Nd4 g6 36. Qb1 Nb6 37. Qb3 Qxb3 38. Nxb3 Ned5 39. Ke2 Nc4 40. Nd4 e5 41.
fxe5 dxe5 42. Nf3 e4 43. Nd4 Kd6 44. h3 Nc7 45. Bb4+ Kd5 46. g4 f4 47. b6 Nxb6
48. Ba5 f3+ 49. Kf2 Nca8 50. Nb5 Nc4 51. Nc3+ Ke5 52. Bd8 Nb2 53. h4 h5 54. g5
Nc4 55. Bf6+ Kf5 56. Nd5 Ke6 57. Nc3 Nd6 58. Bd8 Nb7 59. Bf6 Nc5 60. Bd8 Kf5 61.
Nd5 Ne6 62. Ba5 Kg4 63. Ne7 Kxh4 64. Nxg6+ Kxg5 65. Ne7 Nac7 66. Nc6 h4 67. Nb4
Ne8 68. Nd5 Nf6 69. Nc3 Ng4+ 0-1

[Event "ch-GBR KO Prelim 2019"]
[Site "London ENG"]
[Date "2019.11.30"]
[Round "8.6"]
[White "Haria, Ravi"]
[Black "Toma, Katarzyna"]
[Result "1/2-1/2"]
[WhiteTitle "IM"]
[BlackTitle "WGM"]
[WhiteElo "2451"]
[BlackElo "2272"]
[WhiteFideId "415820"]
[BlackFideId "1119907"]
[EventDate "2019.11.30"]

1. Nf3 Nf6 2. g3 g6 3. Bg2 Bg7 4. O-O O-O 5. d4 d5 6. c4 dxc4 7. Na3 c5 8. Nxc4
Be6 9. Nfe5 Nc6 10. dxc5 Nxe5 11. Nxe5 Qc7 12. Nd3 Bd5 13. Bf4 Qc8 14. Qa4 Qe6
15. Rfe1 Rfc8 16. Rac1 h5 17. Bxd5 Nxd5 18. Qc4 Nxf4 19. Nxf4 Qxc4 20. Rxc4 Bxb2
21. Rb1 Ba3 22. Nd3 b6 23. c6 Rc7 24. Rb3 Bd6 25. e4 f6 26. f4 Rac8 27. e5 fxe5
28. fxe5 Bc5+ 29. Nxc5 Rxc6 30. Ra3 Rxc5 31. Rxc5 Rxc5 32. Rxa7 Rxe5 33. a4 Kf7
34. Rb7 Ra5 35. Rxb6 Rxa4 36. Rb2 Ra5 37. Kg2 Kf6 38. h4 e5 39. Kf3 Kf5 40. Kg2
e4 41. Rf2+ Ke5 42. Rb2 Rd5 43. Ra2 Rd6 44. Ra5+ Kd4 45. Kf2 Rf6+ 46. Kg2 e3 47.
Ra4+ Kd3 48. Ra3+ Kd4 49. Ra4+ Kc5 50. Re4 Rf2+ 51. Kg1 Rf3 52. Kg2 Rf2+ 1/2-1/2

[Event "ch-GBR KO Prelim 2019"]
[Site "London ENG"]
[Date "2019.11.30"]
[Round "8.8"]
[White "Golding, Alex"]
[Black "Pein, Jonathan"]
[Result "1-0"]
[WhiteTitle "FM"]
[WhiteElo "2306"]
[BlackElo "2151"]
[WhiteFideId "427241"]
[BlackFideId "417092"]
[EventDate "2019.11.30"]

1. e4 d6 2. d4 Nf6 3. Nc3 Nc6 4. d5 Nb8 5. Bg5 g6 6. Qd2 h6 7. Be3 Bg7 8. f3 c5
9. a4 Na6 10. Bb5+ Nd7 11. Nh3 Nc7 12. Be2 a6 13. a5 Rb8 14. Nf2 b5 15. axb6
Rxb6 16. Ra2 Nb5 17. Nxb5 axb5 18. O-O Ne5 19. b3 Rb8 20. f4 Nd7 21. b4 Qc7 22.
bxc5 Nxc5 23. Rb1 Bd7 24. Bf3 Na4 25. Bd4 O-O 26. Bxg7 Kxg7 27. Qd4+ f6 28. Rb3
Qc4 29. Qa7 Nc5 30. Re3 b4 31. e5 fxe5 32. fxe5 b3 33. cxb3 Qc1+ 34. Nd1 Rxf3
35. Rxf3 Qxd1+ 36. Rf1 Qd4+ 37. Raf2 Rf8 38. e6 Rxf2 39. Rxf2 Qa1+ 40. Qxa1+ 1-0

[Event "ch-GBR KO Prelim 2019"]
[Site "London ENG"]
[Date "2019.11.30"]
[Round "9.1"]
[White "Harvey, Marcus R"]
[Black "Claridge-Hansen, William"]
[Result "1-0"]
[WhiteTitle "FM"]
[BlackTitle "FM"]
[WhiteElo "2405"]
[BlackElo "2290"]
[WhiteFideId "400092"]
[BlackFideId "422509"]
[EventDate "2019.11.30"]

1. Nf3 c5 2. b3 d6 3. d4 cxd4 4. Nxd4 g6 5. Bb2 Nf6 6. e3 Bg7 7. Be2 O-O 8. O-O
a6 9. c4 Bd7 10. Nc3 Nc6 11. Bf3 Rb8 12. Nxc6 Bxc6 13. Rc1 Qd7 14. Bxc6 bxc6 15.
Qd2 Qe6 16. Rfd1 Nd7 17. Na4 Bxb2 18. Qxb2 Nf6 19. Qa3 Qf5 20. Nc3 a5 21. h3 h5
22. Rd2 Nd7 23. Na4 Rb4 24. c5 d5 25. Nb2 Rh4 26. Qxa5 Ne5 27. f4 Nf3+ 28. gxf3
Qxh3 29. Rf1 g5 30. fxg5 Qh1+ 31. Kf2 Qh2+ 32. Ke1 Qg3+ 33. Kd1 Rh1 34. Rxh1
Qxf3+ 35. Kc2 Qxh1 36. Qc7 Qe4+ 37. Nd3 Qxe3 38. Qxc6 Qxg5 39. a4 h4 40. a5 h3
41. a6 Qg1 42. Qxd5 e6 43. Qf3 Qa1 44. Qg4+ 1-0

[Event "ch-GBR KO Prelim 2019"]
[Site "London ENG"]
[Date "2019.11.30"]
[Round "9.2"]
[White "Horton, Andrew P"]
[Black "Merry, Alan B"]
[Result "0-1"]
[WhiteTitle "IM"]
[BlackTitle "IM"]
[WhiteElo "2378"]
[BlackElo "2426"]
[WhiteFideId "424269"]
[BlackFideId "418811"]
[EventDate "2019.11.30"]

1. Nf3 b6 2. g3 Bb7 3. Bg2 g6 4. O-O Bg7 5. c4 c5 6. Nc3 Nc6 7. e3 Bxc3 8. dxc3
Nf6 9. Qc2 Qc7 10. b3 d6 11. Re1 h6 12. e4 Nd7 13. Nd2 g5 14. Nf1 O-O-O 15. Ne3
e6 16. Qe2 h5 17. h3 Nde5 18. Nf1 f6 19. f4 gxf4 20. gxf4 Ng6 21. Qf2 Nce7 22.
Be3 Rhg8 23. Kh2 Rg7 24. Nd2 Kb8 25. Rg1 Rdg8 26. Bh1 f5 27. Rg5 h4 28. Rag1 Qd8
29. Qe1 fxe4 30. Bxe4 Bxe4 31. Nxe4 Nf5 32. Bd2 Qf8 33. R1g2 e5 34. Qg1 Nxf4 35.
Bxf4 exf4 36. Rxg7 Rxg7 37. Rxg7 Nxg7 38. Qg5 f3 39. Qxh4 Kc7 40. Kg1 Nf5 41.
Qf4 Qg7+ 0-1

[Event "ch-GBR KO Prelim 2019"]
[Site "London ENG"]
[Date "2019.11.30"]
[Round "9.4"]
[White "Wadsworth, Matthew J"]
[Black "Taylor, Adam C"]
[Result "1/2-1/2"]
[WhiteTitle "IM"]
[BlackTitle "IM"]
[WhiteElo "2401"]
[BlackElo "2371"]
[WhiteFideId "415804"]
[BlackFideId "424668"]
[EventDate "2019.11.30"]

1. Nf3 c5 2. g3 Nc6 3. Bg2 g6 4. c4 Bg7 5. Nc3 d6 6. O-O e6 7. a3 Nge7 8. Rb1 b6
9. b4 Bb7 10. bxc5 dxc5 11. Bb2 O-O 12. d3 Qd7 13. Ne4 f5 14. Bxg7 fxe4 15. Ne5
Nxe5 16. Bxe5 exd3 17. exd3 Bxg2 18. Kxg2 Nc6 19. Qe2 Rf5 20. Ba1 e5 21. Qe4
Raf8 22. Rbe1 Rf3 23. Re3 Rxe3 24. fxe3 Rxf1 25. Kxf1 Qf5+ 26. Qxf5 gxf5 27. Bc3
Kf7 28. Ke2 h5 29. Kf3 Ke6 30. e4 a6 31. h3 b5 32. exf5+ Kxf5 33. g4+ hxg4+ 34.
hxg4+ Ke6 35. cxb5 axb5 36. Ke4 b4 37. Bb2 bxa3 38. Bxa3 Nb4 39. g5 Nd5 40. Bxc5
Nc3+ 41. Ke3 Kf5 42. Bd6 Nd5+ 43. Kf3 Nc3 44. Be7 e4+ 1/2-1/2

[Event "ch-GBR KO Prelim 2019"]
[Site "London ENG"]
[Date "2019.11.30"]
[Round "9.6"]
[White "McPhillips, Joseph"]
[Black "Head, Louise"]
[Result "1/2-1/2"]
[WhiteTitle "IM"]
[BlackTitle "WFM"]
[WhiteElo "2434"]
[BlackElo "2100"]
[WhiteFideId "422487"]
[BlackFideId "424773"]
[EventDate "2019.11.30"]

1. f4 d5 2. Nf3 g6 3. g3 Bg7 4. d3 c5 5. Bg2 Nc6 6. O-O d4 7. Nbd2 Nf6 8. Nb3
Qb6 9. e4 dxe3 10. Bxe3 Nd7 11. Nfd2 Qc7 12. c3 b6 13. d4 Ba6 14. Re1 c4 15. Nc1
Rc8 16. Qa4 Ncb8 17. f5 b5 18. Qc2 O-O 19. Ne2 Bb7 20. Nf3 Nf6 21. Bf4 Qb6 22.
fxg6 hxg6 23. Be5 Nbd7 24. Nf4 Nxe5 25. Nxe5 Bxg2 26. Qxg2 e6 27. Rf1 Rcd8 28.
Rae1 Nd5 29. Kh1 g5 30. Nh5 f5 31. Qd2 Qb7 32. Kg1 Bxe5 33. Rxe5 Qe7 34. Rfe1
Nc7 35. g4 Rd5 36. Ng3 fxg4 37. Rxd5 Nxd5 38. Re5 Nf4 39. Ne4 Nh3+ 40. Kg2 Qf7
41. Nxg5 Qf1+ 42. Kg3 Qg1+ 43. Qg2 Qxg2+ 44. Kxg2 Rf2+ 45. Kg3 Rxb2 46. Nxe6 a6
47. d5 Rxa2 48. Kxg4 Nf2+ 49. Kf5 Rd2 50. Kg6 Nd3 51. Rg5 Rf2 52. d6 Rf7 53. Rd5
Rd7 54. h4 a5 55. Kf6 a4 56. Rg5+ Kh8 57. Rxb5 Rxd6 58. Ke7 Ra6 59. Ng5 Ra7+ 60.
Kf6 Ra6+ 61. Ne6 Nf4 62. Rb8+ Kh7 63. Rb7+ Kh8 64. Rb8+ Kh7 65. Rb7+ Kh8 66.
Rb8+ Kh7 1/2-1/2

[Event "ch-GBR KO Prelim 2019"]
[Site "London ENG"]
[Date "2019.11.30"]
[Round "9.7"]
[White "Toma, Katarzyna"]
[Black "Golding, Alex"]
[Result "1/2-1/2"]
[WhiteTitle "WGM"]
[BlackTitle "FM"]
[WhiteElo "2272"]
[BlackElo "2306"]
[WhiteFideId "1119907"]
[BlackFideId "427241"]
[EventDate "2019.11.30"]

1. e4 e6 2. d4 d5 3. Nc3 dxe4 4. Nxe4 Bd7 5. Nf3 Bc6 6. Bd3 Nd7 7. O-O Ngf6 8.
Ned2 b6 9. b3 Bd6 10. Nc4 O-O 11. Nxd6 cxd6 12. Bf4 e5 13. dxe5 dxe5 14. Nxe5
Nxe5 15. Bxe5 Qd5 16. Qf3 Qxf3 17. gxf3 Bxf3 18. Rfe1 Nd5 19. a3 Rfe8 20. h3 f6
21. Bg3 Nc3 22. Kf1 Be4 23. Re3 Bxd3+ 24. Rxd3 Ne4 25. Bf4 Rac8 26. c4 Nc5 27.
Rc3 Rcd8 28. Be3 Ne4 29. Rc2 f5 30. b4 g5 31. Re1 Rd3 32. Bxg5 Rxh3 33. Kg2 Rxa3
34. c5 bxc5 35. bxc5 Rc8 36. Be3 Rc6 37. Rd1 Rc3 38. Rxc3 Nxc3 39. Rd8+ Kf7 40.
Rd7+ Kg6 41. Rxa7 Nd5 42. Bd4 Nf4+ 43. Kf3 Ne6 44. Be3 Nxc5 45. Bxc5 Rxc5 46.
Ra6+ Kg5 47. Ra8 Rc3+ 48. Kg2 Rc6 49. Rh8 h5 50. Ra8 f4 51. Rf8 Rf6 52. Rg8+ Rg6
53. Rf8 Kg4 54. Rf7 Rg8 55. Rf6 Ra8 56. Rf7 Ra5 57. Rg7+ Rg5 58. Rf7 Rf5 59.
Rg7+ Kh4 60. Kf3 Kh3 61. Rh7 h4 62. Rh8 Rf7 63. Rh6 Ra7 64. Kxf4 Ra4+ 65. Kg5
Rg4+ 66. Kf5 Rg2 67. f4 Kg3 68. Rg6+ Kh2 69. Rh6 h3 70. Ke6 Re2+ 71. Kf6 Kg2 72.
f5 h2 73. Kg7 h1=Q 74. Rxh1 Kxh1 75. f6 Rf2 76. f7 Rxf7+ 1/2-1/2

[Event "ch-GBR KO Prelim 2019"]
[Site "London ENG"]
[Date "2019.11.30"]
[Round "9.8"]
[White "Kalaiyalahan, Akshaya"]
[Black "Willow, Jonah B"]
[Result "0-1"]
[WhiteTitle "FM"]
[BlackTitle "FM"]
[WhiteElo "2154"]
[BlackElo "2345"]
[WhiteFideId "422894"]
[BlackFideId "438804"]
[EventDate "2019.11.30"]

1. Nf3 c5 2. g3 Nc6 3. Bg2 g6 4. O-O Bg7 5. c4 e6 6. Nc3 Nge7 7. d3 O-O 8. Rb1
d5 9. cxd5 exd5 10. Bf4 b6 11. Qd2 Bb7 12. Bh6 d4 13. Bxg7 Kxg7 14. Nb5 Nd5 15.
Na3 Ncb4 16. Ra1 Re8 17. Nc2 Nxc2 18. Qxc2 Qd7 19. a3 a5 20. Rfe1 Rac8 21. Qd2
h6 22. Rad1 Nc7 23. e4 dxe3 24. fxe3 a4 25. Qc3+ f6 26. e4 Nb5 27. Qc2 Nd4 28.
Nxd4 Qxd4+ 29. Qf2 Red8 30. e5 Qxf2+ 31. Kxf2 Bxg2 32. Kxg2 fxe5 33. Rxe5 Rd7
34. Re6 Rb8 35. Re4 b5 36. d4 Rbd8 37. Re5 Rxd4 38. Rf1 Rd2+ 39. Kh3 h5 40. Rxc5
Rxb2 41. Rc7+ Kh6 42. Rff7 Rdd2 43. Rh7+ Kg5 44. Rc5+ Kf6 45. Rc6+ Ke5 46. Re7+ 0-1